Quản lý công nghệ trong nền kinh tế tri thức
Đã lưu trong:
| 主要作者: | |
|---|---|
| 格式: | 圖書 |
| 出版: |
Nxb Hà Nội
2002
|
| 標簽: |
添加標簽
沒有標簽, 成為第一個標記此記錄!
|
| Thư viện lưu trữ: | Mạng thư viện Đại học Đà Nẵng |
|---|
| LEADER | 00582nam a2200229 a 4500 | ||
|---|---|---|---|
| 001 | 000029313 | ||
| 003 | 13971 | ||
| 005 | 20171030145630.0 | ||
| 008 | 171030s2002 | ||
| 020 | |c 27200 | ||
| 040 | |a LTT | ||
| 082 | 0 | |a 330.92 |b ĐĂ-N | |
| 100 | 1 | |a Đặng Nguyên | |
| 245 | 0 | 0 | |a Quản lý công nghệ trong nền kinh tế tri thức |c Đặng Nguyên, Thu Hà. |
| 260 | |b Nxb Hà Nội |c 2002 | ||
| OWN | |a LTT | ||
| 999 | |a From the UDN01 | ||
| TYP | |a Monograph | ||
| TYP | |a Printed language | ||
| 980 | |a Mạng thư viện Đại học Đà Nẵng | ||